000 00989naa a22003137a 4500
001 BR8004033
003 BR-BrBNA
005 20240918174623.0
007 ta
008 230509b bl.||||| |||| 00| 0 por d
040 _aBR-BrBNA
_bpor
_cBiblioteca Nacional de Agricultura
041 _a(Pt)
072 _aF00
_b0120
090 _aF00 BR8004033
100 1 _aCanecchio Filho, V.
245 1 _aCultura de milho (Zea mays)[Pratica cultural; Defesa vegetal; Armazenamento]
250 1 _a6. ed.
260 3 _aCampinas, SP (Brasil):
_c1980.
500 _aAdministracao tecnica agricola 6. ed. Campinas, SP (Brasil): 1980. p. 347-351 (BR8004033-AM)F00
650 _aMILHO
650 _aPRATICA CULTURAL
650 _aADUBACAO
650 _aDEFESA VEGETAL
650 _aCOLHEITA
650 _aARMAZENAMENTO
773 0 _tAdministracao tecnica agricola
_wF00 BR8004033
_gCampinas, SP (Brasil), 1980. p. 347-351
909 _a202404
_bLucia
_c55
_dLucia Elande
942 _cAM
_2AGRIS
999 _c312398
_d312398